• 首页
  • 本馆介绍
  • 公告通知
  • 最新文献
  • 馆藏检索
  • 电子资源
  • 读者导购
  • 参考咨询
  • 我的图书馆
  • 登录
  • 详细信息显示
  • 放入我的书架
  • 预约/预借图书
  • 作者相关作品
  • 分类相关作品
  • 丛书相关作品
  • 出版社相关作品

书目信息

  • 表格格式
  • 工作单格式
  • 卡片格式
题名:
外国电影剧本丛刊
    
 
作者:
分册: 1   关山飞渡
出版信息: 北京   中国电影出版社  1981.6
页数: 224页
开本: 20cm
丛书名:
单 册:
中图分类: I13
科图分类:
主题词: 戏剧文学--作品集--世界
电子资源:
ISBN:
000 00670nam0 2200229 45
001 0312221749
005 20040416102626.5
010    @dCNY0.58
091    @a10061.343
100    @a20031222d1981 km y0chiy0120 ea
101    @achi
105    @a z 000yy
200 1  @a外国电影剧本丛刊@h1@i关山飞渡@i黄牛惨案@i啊,野麦岭@AWai Guo Dian Ying Ju Ben Cong Kan
210    @a北京@c中国电影出版社@d1981.6
215    @a224页@d20cm
517 1  @a关山飞渡@AGuan Shan Fei Du
517    @a黄牛惨案@AHuang Niu Can An
517 1  @a啊,野麦岭@AA,Ye Mai Ling
606 0  @a戏剧文学@x作品集@x世界
690    @aI13@v3
801    @aCN@bTSTCL@c20031222
905    @dI13@e14:1@f1@b29546
    
    外国电影剧本丛刊.1.关山飞渡.黄牛惨案.啊,野麦岭.-北京:中国电影出版社,1981.6
    224页;20cm
    
    
    ISBN :CNY0.58
    
●
相关链接 在E读中查询图书 在五车中查询图书 在当当中查询图书 在豆瓣中查询图书


正题名:外国电影剧本丛刊     索取号:I13/14:1         预约/预借

序号 登录号 条形码 馆藏地/架位号 状态 备注
1 0029546   000052249   密集书库/ [索取号:I13/14:1] 在馆    
唐山师范学院图书馆 欢迎您!
大连网信软件有限公司© 版权所有